A - D : (Record no. 117263)

MARC details
000 -CABECERA
campo de control de longitud fija 00740nam a2200241 a 4500
005 - FECHA Y HORA DE LA ÚLTIMA TRANSACCIÓN
campo de control 20231025063607.0
008 - ELEMENTOS DE LONGITUD FIJA--INFORMACIÓN GENERAL
campo de control de longitud fija 060605s2000 es r 000 0 spa d
020 ## - NÚMERO INTERNACIONAL NORMALIZADO PARA LIBROS
Número Internacional Estándar del Libro 8471746344
035 ## - NÚMERO DE CONTROL DEL SISTEMA
Número de control de sistema UPN01000145116
049 ## - COLECCIÓN
Colección CE
050 #4 - SIGNATURA TOPOGRÁFICA DE LA BIBLIOTECA DEL CONGRESO
Número de clasificación TP24
100 1# - ASIENTO PRINCIPAL--NOMBRE PERSONAL
Nombre de persona Seisdedos Cubero, Nicolás
9 (RLIN) 39208
245 10 - MENCIÓN DE TÍTULO
Título A - D :
Resto del título cuestionario A-D : conductas antisociales-delictivas /
Mención de responsabilidad, etc. Nicolás Seisdedos Cubero.
250 ## - MENCIÓN DE EDICIÓN
Mención de edición 4a ed.
260 ## - PUBLICACIÓN, DISTRIBUCIÓN, ETC.
Lugar de publicación, distribución, etc. Madrid :
Nombre del editor, distribuidor, etc. TEA,
Fecha de publicación, distribución, etc. 2000.
300 ## - DESCRIPCIÓN FÍSICA
Extensión 27 p. :
Otras características físicas tabls.
440 #0 - MENCIÓN DE SERIE/ASIENTO SECUNDARIO--TÍTULO
Título Serie menor ;
Designación de volumen o secuencia 125
500 ## - NOTA GENERAL
Nota general Incluye: Manual (1), cuestionarios A-D (25)
650 #4 - ASIENTO SECUNDARIO DE MATERIA - TERMINO TEMATICO
Término de materia o nombre geográfico como elemento de entrada CONDUCTA (PSICOLOGIA) -
Subdivisión general PRUEBAS
9 (RLIN) 25071
650 #4 - ASIENTO SECUNDARIO DE MATERIA - TERMINO TEMATICO
Término de materia o nombre geográfico como elemento de entrada DESADAPTADOS SOCIALES
9 (RLIN) 9932
650 #2 - ASIENTO SECUNDARIO DE MATERIA - TERMINO TEMATICO
Término de materia o nombre geográfico como elemento de entrada Delincuentes
9 (RLIN) 7581
905 ## - TIPO DE MATERIAL
Tipo de material Libro
Holdings
Estado de retiro Estado de pérdida Fuente del sistema de clasificación o colocación Estado dañado Restricciones de uso No para préstamo Código de colección Localización permanente Ubicación/localización actual Ubicación en estantería Fecha de adquisición Clasificación Código de barras Fecha visto por última vez Número de copia Tipo de ítem Koha
    Library of Congress Classification   Préstamo por horas   Test y pruebas Bib. Gregorio Torres Quintero Bib. Gregorio Torres Quintero Colecciones especiales Planta alta 13/09/2022 TP24 237409 31/12/2020 1 Conjunto (Kit)
    Library of Congress Classification   Préstamo por horas   Test y pruebas Bib. Gregorio Torres Quintero Bib. Gregorio Torres Quintero Colecciones especiales Planta alta 13/09/2022 TP24 237408 31/12/2020 1 Conjunto (Kit)